Loading...
| Literature - World | 1 | 1 | 0 | 0 | 25 | 76 | 76.00 | 1 | 2 | 0.00 | 0.00 |
| Literature - American | 0 | 2 | 0 | 0 | 20 | 113 | 117.00 | 0 | 2 | 0.00 | 0.00 |
| Philosophy | 0 | 2 | 0 | 0 | 20 | 75 | 93.00 | 0 | 2 | 0.00 | 0.00 |
| Mythology | 0 | 2 | 0 | 0 | 20 | 79 | 90.00 | 1 | 2 | 0.00 | 0.00 |
| Literature - European | 0 | 1 | 0 | 0 | 10 | 94 | 94.00 | 1 | 1 | 0.00 | 0.00 |
| Current Events | 0 | 1 | 0 | 0 | 10 | 125 | 125.00 | 1 | 1 | 0.00 | 0.00 |
| Fine Arts - Auditory | 0 | 1 | 0 | 0 | 10 | 123 | 123.00 | 1 | 1 | 0.00 | 0.00 |
| History - Other | 0 | 1 | 0 | 1 | 10 | 138 | 138.00 | 0 | 1 | 0.00 | 0.00 |
| Literature - British | 0 | 1 | 0 | 0 | 10 | 116 | 116.00 | 0 | 1 | 0.00 | 0.00 |
| Science - Biology | 0 | 1 | 0 | 1 | 10 | 131 | 131.00 | 1 | 1 | 0.00 | 0.00 |
| Science - Physics | 0 | 1 | 0 | 1 | 10 | 129 | 129.00 | 1 | 1 | 0.00 | 0.00 |
| History - World | 0 | 1 | 1 | 0 | 5 | 75 | 75.00 | 0 | 1 | 0.00 | 0.00 |
| Social Science | 0 | 0 | 0 | 0 | 0 | 0.00 | 0 | 0 | 0.00 | 0.00 | |
| Religion | 0 | 0 | 1 | 0 | -5 | 0.00 | 0 | 0 | 0.00 | 0.00 | |
| History - American | 0 | 0 | 1 | 0 | -5 | 0.00 | 0 | 0 | 0.00 | 0.00 |